| 000 | 00838nam a2200229Ii 4500 | ||
|---|---|---|---|
| 003 | JO-AjNU | ||
| 008 | 230605s9999||||xx |||||||||||||| ||und|| | ||
| 017 | _a2004/9/2284 | ||
| 020 | _a9957-11-532-4 | ||
| 040 |
_aJO-AjNU _bara _erda _cJO-AjNU |
||
| 041 | _aara | ||
| 050 | 1 | 4 | _aHF5381.D84.2005 |
| 100 | 3 |
_aالداهري،صالح حسن احمد, _eauthor _929088 |
|
| 245 | 0 | 0 | _aسيكولوجية التوجيه المهني ونظرياته |
| 250 | _aط1 | ||
| 264 | 3 | 1 | _aعمان:دار وائل للنشر والتوزيع؛2005 |
| 300 |
_a186ص _bيحتوي على ببلوغرافية من ص179-186ص |
||
| 336 |
_atext _btxt _2rdacontent |
||
| 337 |
_aunmediated _bn _2rdamedia |
||
| 338 |
_avolume _bnc _2rdacarrier |
||
| 650 | 4 |
_aالتوجيه المهني-التدريب-المهن-الارشاد المهني _929089 |
|
| 999 |
_aA11364 _c14932 _d14932 |
||